[Event "Hamburg State-ch U18"]
[Site "Cuxhaven"]
[Date "2005.03.12"]
[Round "1"]
[White "Walter, Christian2222"]
[Black "Guessefeld, Friedrich"]
[Result "1-0"]
[WhiteElo "1819"]
[BlackElo "1442"]
[PlyCount "81"]
[EventDate "2005.03.12"]
[EventType "swiss"]
[EventRounds "9"]
[EventCountry "GER"]
[SourceTitle "EXT 2007"]
[Source "ChessBase"]
[SourceDate "2006.11.23"]
[SourceVersion "1"]
[SourceVersionDate "2006.11.23"]
[SourceQuality "1"]

1. d4 Nf6 2. c4 e6 3. Nf3 d5 4. Nc3 b6 5. cxd5 exd5 6. Bg5 Be7 7. e3 Bb7 8. Bd3 Nbd7 9. Qc2 h6 10. Bh4 c5 11. 0-0 0-0 12. Rfd1 Qc7 13. dxc5 Bxc5 14. Bg3 Bd6 15. Rac1 Bxg3 16. hxg3 a6 17. Nxd5 Qxc2 18. Nxf6+ Nxf6 19. Rxc2 Rfd8 20. Rcd2 Rd5 21. b4 Rad8 22. Bf5 Rxd2 23. Rxd2 Rxd2 24. Nxd2 Bd5 25. a3 Ne8 26. Bd3 Nc7 27. Ne4 b5 28. Nd2 g6 29. Ne4 Kg7 30. Nc5 Kf6 31. f4 g5 32. Kf2 g4 33. e4 Bc6 34. Ke3 Ke7 35. Kd4 f6 36. Bc2 Kf7 37. Bb3+ Ke7 38. Bd5 Bxd5 39. exd5 Kd6 40. Ne4+ Kd7 41. Nxf6+ 1-0